01492nam a2200253 a 4500041000800000100002200008245013100030260005300161300001000214520068600224650001800910650001900928650003000947650004100977650002401018650001201042650000901054662005101063700002401114700002501138700002901163700002701192700001901219 aspa aMúnera, Claudia aCaracterización biológica del occidente del departamento de Boyacábespecies amenazadas de la Serranía de Las Quinchas aBogotábInstituto Alexander von Humboldtc2002 a36 p. aSe presentan algunas características del área de estudio como clima, geología y suelos, cuencas hidrográficas, aspectos socioeconómicos, localidades estudiadas. Se muestra la metodología empleada en la medición de la diversidad ecosistémica, la identificación de especies de aves amenazadas en la Serranía de Las Quinchas. Finalmente se exponen los resultados obtenidos en relación con: diversidad ecosistémica, fauna y flora de la Serranía de Las Quinchas, especies de plantas amenazadas, especies de aves amenazadas, especies amenazadas de otros grupos biológicos, Areas de Concentración de Especies de aves amenazadas e importancia de la Serranía aBiodiversidad aConservación aDiversidad ecosistémica aAreas de concentración de especies aEspecies amenazadas aPlantas aAves aColombiacSerranía de Las QuinchasbBoyacá aFranco, Ana María aRenjifo, Luis Miguel aValencia, Iván Darío aQuiceno, María Paula aPolanco, Henry